| 000 | 00404cam a2200169 4500 | ||
|---|---|---|---|
| 001 | D12912 | ||
| 008 | 090401t1950 xxu||||| |||| 00| 0 eng d | ||
| 035 | _a(Sirsi) u6629 | ||
| 041 | _aeng | ||
| 100 | _aHarvey, John | ||
| 245 | 4 | _aThe Gothic world, 1100-1600: a survey of architecture and art | |
| 260 |
_bBatsford _c1950 |
||
| 350 | _a0 | ||
| 520 | _aShelf 182 | ||
| 942 | _n0 | ||
| 948 | _c04/03/1997 | ||
| 999 |
_c86332 _d86332 |
||